• 首页
  • 本馆介绍
  • 公告通知
  • 最新文献
  • 馆藏检索
  • 电子资源
  • 读者导购
  • 参考咨询
  • 我的图书馆
  • 登录
  • 详细信息显示
  • 放入我的书架
  • 预约/预借图书
  • 作者相关作品
  • 分类相关作品
  • 丛书相关作品
  • 出版社相关作品

书目信息

  • 表格格式
  • 工作单格式
  • 卡片格式
题名:
青少年违法犯罪心理分析
    
 
作者: 罗大华 编著
分册:  
出版信息: 北京   知识出版社  1981
页数: 166页
开本: 19cm
丛书名:
单 册:
中图分类: D917 , B84
科图分类:
主题词: 青少年犯罪-司法心理学--研究 , 司法心理Y学-青少年犯罪--研究 , 心理学
电子资源:
ISBN:
000 00692nam0 2200253 45
001 1557981405
005 20150121160646.31
010    @dCNY0.43
091    @aCN@b2214.4
100    @a19960215d1981 em y0chiy0121 ea
101 0  @achi
102    @aCN@b110000
105    @ay z 000yy
200 10 @a青少年违法犯罪心理分析@Aqing shao nian wei fa fan zui xin li fen xi@f罗大华等编著
210    @a北京@c知识出版社@d1981
215    @a166页@d19cm
606    @a青少年犯罪-司法心理学@x研究
606    @a司法心理Y学-青少年犯罪@x研究
606 0  @a心理学
690    @aD917@v3
690    @aB84@v4
701  0 @a罗大华@Aluo da hua@4编著
801  0 @aCN@bTSSF@c20150121
905    @aZUCC@dB84@eJY46
    
    青少年违法犯罪心理分析/罗大华等编著.-北京:知识出版社,1981
    166页;19cm
    
    
    ISBN :CNY0.43
    
●
相关链接 在E读中查询图书 在五车中查询图书 在当当中查询图书 在豆瓣中查询图书


正题名:青少年违法犯罪心理分析     索取号:B84/JY46         预约/预借

序号 登录号 条形码 馆藏地/架位号 状态 备注
1 7855506   278555065   学院路分馆/ [索取号:B84/JY46] 在馆    
唐山师范学院图书馆 欢迎您!
大连网信软件有限公司© 版权所有